| 000 | 01329nam a2200409 i 4500 | ||
|---|---|---|---|
| 001 | 41484 | ||
| 003 | KOSZ 005 | ||
| 005 | 20251107063634.0 | ||
| 008 | 020527s2001 pl f f |000 0 pol | ||
| 020 | _a8370115284 | ||
| 040 |
_cKOSZ 005/HR _aKOSZ 005/HR _dKOSZ 005/HR |
||
| 041 | 0 | _apl | |
| 046 | _k2001 | ||
| 080 | _a311 | ||
| 080 | _a519.2 | ||
| 080 | _a(075.8) | ||
| 100 | 1 |
_aOstasiewicz, Stanisława _eAutor |
|
| 245 | 1 | 0 |
_aStatystyka : _belementy teorii i zadania / _cStanisław Ostasiewicz, Zofia Rusnak, Urszula Siedlecka. |
| 250 | _aWyd.4 popr. | ||
| 260 |
_aWrocław : _bWydaw. Akademii Ekonomicznej im. Oskara Langego, _c2001. |
||
| 300 |
_a423 s. ; _c24 cm. |
||
| 380 | _aKsiążki | ||
| 380 | _aPublikacje dydaktyczne | ||
| 385 |
_mPoziom nauczania _aSzkoły wyższe |
||
| 388 | _a2001- | ||
| 504 | _aBibliografia. | ||
| 521 | 8 | _aDla studentów ekonomii. | |
| 658 | _aMatematyka | ||
| 655 | 4 | _aPodręczniki akademickie | |
| 650 | 4 | _aStatystyka | |
| 650 | 4 | _aStatystyka matematyczna | |
| 650 | 4 | _aRachunek prawdopodobieństwa | |
| 700 | 1 |
_aRusnak, Zofia _eAutor |
|
| 700 | 1 |
_aSiedlecka, Urszula _d(1941-2004) _eAutor |
|
| 856 |
_uhttp://koha.tu.koszalin.pl/cgi-bin/koha/opac-detail.pl?biblionumber=41484 _yKatalog online BPK |
||
| 942 |
_cKS _2UKD |
||
| 999 |
_c41484 _d41484 |
||